[Event "Zilina op"]
[Site "Zilina"]
[Date "2013.08.30"]
[Round "3"]
[White "Vandlik, Jaroslav"]
[Black "Nedoba, Milan"]
[Result "1/2-1/2"]
[WhiteElo "1871"]
[BlackElo "1787"]
[PlyCount "41"]
[EventDate "2013.08.29"]
[EventType "swiss"]
[EventRounds "7"]
[EventCountry "SVK"]
[SourceTitle "CBM 156 Extra"]
[Source "ChessBase"]
[SourceDate "2013.10.22"]
[SourceVersion "1"]
[SourceVersionDate "2013.10.22"]
[SourceQuality "1"]

1. c4 c5 2. g3 b6 3. Bg2 Nc6 4. Nf3 Bb7 5. 0-0 Rc8 6. b3 e6 7. Nc3 Nf6 8. Bb2 a6 9. Qc2 d5 10. cxd5 exd5 11. Rad1 Be7 12. d4 0-0 13. dxc5 bxc5 14. e3 Qa5 15. Qb1 Nd8 16. Rfe1 Ne6 17. Ne5 Bd6 18. Nf3 Be7 19. Ne5 Bd6 20. Nf3 Be7 21. Ne5 1/2-1/2

[Event "Martin op"]
[Site "Martin"]
[Date "2011.11.19"]
[Round "6"]
[White "Danada, Tomas"]
[Black "Vandlik, Jaroslav"]
[Result "1/2-1/2"]
[WhiteElo "2062"]
[BlackElo "1838"]
[PlyCount "65"]
[EventDate "2011.11.16"]
[EventType "swiss"]
[EventRounds "7"]
[EventCountry "SVK"]
[SourceTitle "EXT 2012"]
[Source "ChessBase"]
[SourceDate "2011.11.24"]
[SourceVersion "1"]
[SourceVersionDate "2011.11.24"]
[SourceQuality "1"]

1. d4 d5 2. c4 Nf6 3. cxd5 Qxd5 4. Nc3 Qa5 5. Nf3 Bf5 6. e3 e6 7. Bd3 Bxd3 8. Qxd3 Nc6 9. 0-0 a6 10. Bd2 Qh5 11. e4 Rd8 12. e5 Nxe5 13. Nxe5 Qxe5 14. dxe5 Rxd3 15. exf6 Rxd2 16. Rab1 gxf6 17. Ne4 Rd4 18. Nxf6+ Ke7 19. Nh5 Bh6 20. Rfd1 Rhd8 21. Rxd4 Rxd4 22. Ng3 f5 23. Kf1 Rd2 24. Re1 Kd6 25. Re2 Rd4 26. Rc2 c5 27. Ke2 b5 28. Nf1 Re4+ 29. Kd1 Kd5 30. b3 a5 31. Rc3 a4 32. Rh3 Bg5 33. Rxh7 1/2-1/2

[Event "Martin op"]
[Site "Martin"]
[Date "2011.11.19"]
[Round "5"]
[White "Galvanek, Ladislav"]
[Black "Vandlik, Jaroslav"]
[Result "1/2-1/2"]
[WhiteElo "2000"]
[BlackElo "1838"]
[PlyCount "69"]
[EventDate "2011.11.16"]
[EventType "swiss"]
[EventRounds "7"]
[EventCountry "SVK"]
[SourceTitle "EXT 2012"]
[Source "ChessBase"]
[SourceDate "2011.11.24"]
[SourceVersion "1"]
[SourceVersionDate "2011.11.24"]
[SourceQuality "1"]

1. d4 Nf6 2. c4 d6 3. Nc3 Bf5 4. g3 Nbd7 5. Bg2 c6 6. e4 Bg6 7. Nge2 e5 8. 0-0 Bh5 9. f3 h6 10. Be3 g5 11. Qd2 Bg7 12. Rfd1 Qe7 13. Rac1 0-0 14. b4 Rfd8 15. d5 Nb6 16. Qd3 Bg6 17. a4 cxd5 18. cxd5 Rdc8 19. a5 Nc4 20. Rc2 Qd7 21. Bf2 b5 22. Nxb5 Qxb5 23. Rdc1 Nxd5 24. Rxc4 Rxc4 25. Qxc4 Nc7 26. Qxc7 Qxe2 27. Qxd6 Qb2 28. Qc6 Rd8 29. Be1 Bf8 30. Qc3 Qxc3 31. Bxc3 Rc8 32. Bd2 Rxc1+ 33. Bxc1 Bxb4 34. Be3 Bxa5 35. Bxa7 1/2-1/2